LEADER 00875naa a2200217 u 4500 001 000000093211 003 CaOOAMICUS 005 20070226130132.0 008 010622s1930 fr u000 u fre u 035 $a10893651 040 $aPUL(R)$bita 100 1 $aFedozzi, Prospero,$d1872-1934.$0(OLS)http://pul/name/29657 245 10$aDe l'efficacité extraterritoriale des lois et des actes de droit public /$cpar Prosper Fedozzi. 260 $a[S. l. :$bs. n.],$c1930. 300 $aP. [140-242] 504 $aBibliografia in nota. 650 4$aDiritto internazionale pubblico.$0(OLS)http://pul/subject/13984 773 0 $tRecueil des cours$gv.II (1929) 773 0 $tRecueil des cours 1929$w()59483 996 $6245$aDe l'efficacité extraterritoriale des lois et des actes de droit public$9(OLS)http://pul/title/120086 996 $6260$a[S. l. :$bs. n.]$9(OLS)http://pul/publisher/47882 LEADER 01104nam a2200277 a 4500 001 000000153713 003 CaOOAMICUS 005 20160909130026.0 008 160909s1967 fr u000 u fre r 032 $aLibriCat 040 $aPUL$bita 100 1 $aIonescu, Ghi?a.$0(OLS)http://pul/name/97817 245 12$aL'avenir politique de l'Europe orientale /$cpar Ghi?a Ionescu. 260 $aParis :$bS.É.D.É.I.S.,$c©1967. 300 $a387 p. ;$c21 cm. 490 1 $aFuturibles ;$v07 504 $aBibliografia in nota a piè pagina. 651 4$aEuropa orientale$xPolitica e governo.$0(OLS)http://pul/subject/18835 830 0$aFuturibles ;$v07.$0(OLS)http://pul/title/193216 850 $aPUL 852 $aPUL$W1$xDP1 Fondo G. Barberini$y122$m4 A 62$j163153$qFondi$B179663$CPULBib$Z2$F179663 $HBar1278 $81 941 1 $a1 961 $aNota ms. di possesso: Giovanni Barberini. 996 $6245$aL'avenir politique de l'Europe orientale$9(OLS)http://pul/title/193214 996 $6260$aParis :$bS.É.D.É.I.S.$9(OLS)http://pul/publisher/85277